<?xml version="1.0" encoding="UTF-8"?>
<marc:record xmlns:marc="http://www.loc.gov/MARC21/slim">
   <marc:leader>00000nam a2200000 a 4500</marc:leader>
   <marc:datafield ind1="1" ind2=" " tag="100">
      <marc:subfield code="a">Angelella, Michael</marc:subfield>
      <marc:subfield code="4">aut</marc:subfield>
      <marc:subfield code="e">Verfasser/-in</marc:subfield>
   </marc:datafield>
   <marc:datafield ind1="1" ind2=" " tag="100">
      <marc:subfield code="a">Conrad, Jim</marc:subfield>
   </marc:datafield>
   <marc:datafield ind1="0" ind2="0" tag="245">
      <marc:subfield code="a">Aerial America - Amerika von Oben - Westcoast Pacific Collection - Folge 2: Hawaii</marc:subfield>
   </marc:datafield>
   <marc:datafield ind1="0" ind2="0" tag="245">
      <marc:subfield code="c">Stimme: Jim Conrad; Produktion: Becky Beamer; Drehbuch: Michael Angelella; Kamera: Thomas C. Miller; Regie: Erick Cochran</marc:subfield>
   </marc:datafield>
   <marc:datafield ind1=" " ind2="1" tag="264">
      <marc:subfield code="a">Potsdam</marc:subfield>
      <marc:subfield code="b">filmwerte GmbH</marc:subfield>
      <marc:subfield code="c">2022</marc:subfield>
   </marc:datafield>
   <marc:datafield ind1="1" ind2=" " tag="520">
      <marc:subfield code="a">Kaum eine Inselgruppe ist so ursprünglich und so voller lebendiger Vielfalt &#x96; und dabei so reich an Geschichten, Mythen und dramatischen Erzählungen: Hawaii. Eine Kette von acht großen, grünen Inseln, die nahe am Äquator in weiten Pazifik liegt. Sie aus der Luft zu sehen, ist eine faszinierende Erfahrung. Wir reisen quer über die Hauptinseln von Hawaii. Angefangen beim rauchenden Riesen Kilauea, dem aktivsten Vulkan der Erde, über das Gebiet einer einst berüchtigten Leprakolonie, wo ein einsamer Priester der tödlichen Krankheit den Kampf ansagte, bis weiter nach Pearl Harbor, wo einst die Angriffe japanischer Bomber den Morgenhimmel in eine Flammenhölle verwandelten und Geschichte schrieben. Und nach Waikiki, wo ein legendärer Sportler dem Rest der Welt das Surfen beibrachte ...</marc:subfield>
   </marc:datafield>
   <marc:datafield ind1=" " ind2=" " tag="041">
      <marc:subfield code="a">ger</marc:subfield>
   </marc:datafield>
   <marc:datafield ind1=" " ind2=" " tag="300">
      <marc:subfield code="a">1 Online-Ressource (51 min), Bild: 16:9 HD</marc:subfield>
   </marc:datafield>
</marc:record>
